| 000 | 00960cam a22003133a 4500 | ||
|---|---|---|---|
| 001 | 0000776 | ||
| 003 | DO-SdBNP | ||
| 005 | 20180209143548.0 | ||
| 007 | 0000776 | ||
| 008 | 861112 2005 ag a 000 0 spa d | ||
| 010 | _a | ||
| 020 | _a9870400485 | ||
| 040 |
_aBPMSU _cspa _dBPMSU _d |
||
| 082 | 4 |
_axxxxxx _bxxxxxx |
|
| 100 | 1 |
_aBornemann, Elsa _d1952- |
|
| 245 | 1 | 3 |
_aEl niño envuelto : _b(cuentos sin cuento para chicos de 8 a 13 años) / _cElsa Bornemann ; ilustraciones Sebastián Dufour |
| 250 | _a2a ed. | ||
| 260 |
_aBuenos Aires, Argentina : _bAlfaguara, _c2005. _g(reimpresión 2006). |
||
| 300 |
_a176 p. : _bil. _c20 cm. |
||
| 490 | 0 | _aAlfaguara infantil | |
| 500 | _aIncluye datos biográficos de la autora. | ||
| 521 | _aA partir de 10 años. | ||
| 600 | 0 | 0 |
_a _x |
| 700 | 1 | 2 |
_aDufour, Sebastián _eil. |
| 830 | 0 | _aAlfaguara infantil | |
| 942 |
_2ddc _cBK |
||
| 945 | _ainventariado, 2018 / dg | ||
| 956 |
_2YLOCKWARD _310 _8BPMSU |
||
| 999 |
_c11776 _d11776 |
||